Francia d'oltremare - Statistics

Statistiche generali
  • Questo quiz è stato fatto 25 volte
  • Il punteggio medio è 7 su 11
Statistiche sulle risposte
Statuto Capoluogo Territorio % Corretto
Dipartimento e regione d'oltremare Caienna Guyana Francese
95%
Collettività d'oltremare Marigot Saint-Martin
86%
Dipartimento e regione d'oltremare Fort-de-France Martinica
82%
Collettività d'oltremare Papeete Polinesia Francese
68%
Collettività d'oltremare Saint-Pierre Saint-Pierre e Miquelon
64%
Dipartimento e regione d'oltremare Basse-Terre Guadalupa
59%
Dipartimento e regione d'oltremare Saint-Denis La Riunione
55%
Collettività sui generis Numea Nuova Caledonia
55%
Dipartimento e regione d'oltremare Mamoudzou Mayotte
50%
Collettività d'oltremare Gustavia Saint-Barthélemy
32%
Collettività d'oltremare Mata-Utu Wallis e Futuna
32%
Nessun quiz corrispondente trovato
Distribuzione punteggi
Percentuale di utenti per punteggio
Percentile per numero di risposta
I tuoi punteggi nel tempo
Non hai fatto questo quiz